| 000 | 01021nam a22003617a 4500 | ||
|---|---|---|---|
| 001 | 053 | ||
| 003 | DO-SdBNP | ||
| 005 | 20180220112048.0 | ||
| 007 | 053 | ||
| 008 | 151005b1992 sp 00| 0 spa d | ||
| 020 | _a8434827085 | ||
| 040 |
_aBPMSU _bspa _cBPMSU |
||
| 092 |
_aXXXX _bXXXX |
||
| 100 | 1 | _aMerino Agudo, Jesús Ma. | |
| 245 | 1 | 0 |
_aEl "Celeste" / _cJesús Ma. Merino Agudo ; ilustración Toño Benavides ; colección dirigida por Marinella Terzi |
| 250 | _a3a. ed. | ||
| 260 |
_aMadrid : _bEdiciones SM, _c1992. |
||
| 300 |
_a136 p. : _bil. ; _c19 cm. |
||
| 490 | 1 |
_aEl barco de vapor _v54 |
|
| 490 | 1 | _aRoja | |
| 500 | _aA partir de 12 años | ||
| 521 | 1 | _aA partir de los 12 años | |
| 586 | _aPremio El Barco de Vapor, 1988. | ||
| 700 | 1 | 2 |
_aBenavides, Toño _eil. |
| 700 | 1 | 2 |
_aOlasagasti, Manuel _etrad. |
| 700 | 1 | 2 |
_aTerzi, Marinella _edir. |
| 830 | 0 |
_aBarco de vapor _n54 |
|
| 830 | 0 | _aRoja | |
| 910 | _a202 | ||
| 942 |
_2ddc _cBK |
||
| 945 | _aInventariado, 2018 / BT | ||
| 956 | _aYngrid Lockward | ||
| 999 |
_c8432 _d8432 |
||